Turkic countries and states (pick) - Statistics

General Stats
  • This quiz has been taken 58 times
  • The average score is 6 of 17
Answers on the Grid
Answers color-coded by a green-red scale on the quiz's grid according to % correct below.
Buryatia
Yakutia/Sakha
Udmirtiya
Azerbaijan
Kazakhstan
Kyrgyzstan
Chechnya
Mongolia
East Turkestan
Türkiye
Tajikistan
Tatarstan
Bashkortostan
Ingushetia
Dagestan
Chuvashia
South Azerbaijan
Turkmenistan
Crimea
South Ossetia
Cyprus
Bulgaria
Hungary
Albania
Karakalpakstan
Altai
Kumyk
Turkmeneli(Irak, Syria)
Kosovo
Abkhazia
 
Answer Stats
Answer % Correct
Azerbaijan
63%
Kyrgyzstan
63%
Kazakhstan
53%
Türkiye
53%
Turkmenistan
53%
Tatarstan
47%
Altai
42%
East Turkestan
37%
Turkmeneli(Irak, Syria)
37%
Yakutia/Sakha
37%
Chuvashia
32%
South Azerbaijan
32%
Bashkortostan
21%
Crimea
21%
Karakalpakstan
21%
Kumyk
21%
Hungary
16%
No matching quizzes found
Score Distribution
Percent of People with Each Score
Percentile by Number Answered
Your Score History
You have not taken this quiz